<?xml version="1.0" encoding="UTF-8"?><?xml-stylesheet type="text/xsl" href="static/style.xsl"?><OAI-PMH xmlns="http://www.openarchives.org/OAI/2.0/" xmlns:xsi="http://www.w3.org/2001/XMLSchema-instance" xsi:schemaLocation="http://www.openarchives.org/OAI/2.0/ http://www.openarchives.org/OAI/2.0/OAI-PMH.xsd"><responseDate>2026-04-27T19:52:44Z</responseDate><request verb="GetRecord" identifier="oai:uvadoc.uva.es:10324/14384" metadataPrefix="marc">https://uvadoc.uva.es/oai/request</request><GetRecord><record><header><identifier>oai:uvadoc.uva.es:10324/14384</identifier><datestamp>2025-02-17T13:20:02Z</datestamp><setSpec>com_10324_38</setSpec><setSpec>col_10324_852</setSpec></header><metadata><record xmlns="http://www.loc.gov/MARC21/slim" xmlns:doc="http://www.lyncode.com/xoai" xmlns:xsi="http://www.w3.org/2001/XMLSchema-instance" xmlns:dcterms="http://purl.org/dc/terms/" xsi:schemaLocation="http://www.loc.gov/MARC21/slim http://www.loc.gov/standards/marcxml/schema/MARC21slim.xsd">
<leader>00925njm 22002777a 4500</leader>
<datafield tag="042" ind1=" " ind2=" ">
<subfield code="a">dc</subfield>
</datafield>
<datafield tag="720" ind1=" " ind2=" ">
<subfield code="a">García Domínguez, María</subfield>
<subfield code="e">author</subfield>
</datafield>
<datafield tag="260" ind1=" " ind2=" ">
<subfield code="c">2015</subfield>
</datafield>
<datafield tag="520" ind1=" " ind2=" ">
<subfield code="a">Este trabajo consiste en realizar una investigación sobre la presencia de las personas con discapacidad intelectual en centros penitenciarios. Lo que se pretende conseguir con esta investigación es conocer cómo viven las personas con discapacidad intelectual que se encuentran internas en prisiones, qué peculiaridades tiene su intervención, de qué manera esta se lleva a cabo, qué funciones tienen los profesionales, y en concreto los trabajadores sociales; y por último cómo son sus relaciones con otras personas sin discapacidad y cómo les afecta el encontrarse encarcelados. Para ello se ha llevado a cabo una investigación de carácter cualitativo, basada en unas entrevistas realizadas a profesionales relacionados con la prisión, para a continuación extraer aquellos aspectos más significativos. Con todo esto queremos saber si la atención que reciben las personas con discapacidad intelectual en prisión es la más adecuada.</subfield>
</datafield>
<datafield tag="024" ind2=" " ind1="8">
<subfield code="a">http://uvadoc.uva.es/handle/10324/14384</subfield>
</datafield>
<datafield ind1=" " ind2=" " tag="653">
<subfield code="a">[Pendiente de asignar]</subfield>
</datafield>
<datafield tag="245" ind1="0" ind2="0">
<subfield code="a">Personas con discapacidad intelectual en centros penitenciarios</subfield>
</datafield>
</record></metadata></record></GetRecord></OAI-PMH>